banner-ar

مجمع اللغة العربية فى ثلاثين عاما 1932 ـ 1962: مجموعة القرارات العلمية من الدورة الاولى الى الثامنة والعشرين / (Record no. 47252)

MARC details
000 -الفاتح
حقل البيانات ثابتة الطول 00960nam a2200205Ia 4500
005 - وقت وتاريخ اخر تعامل مع التسجيلة
رقم الضبط 20240530104410.0
008 - عناصر البيانات ثابتة الطول - معلومات عامة
حقل البيانات ثابتة الطول 140319s9999 xx 000 0 ara d
040 ## - مصدر الفهرسة
وكالة الفهرسة الأصلية GCL /
وكالة النسخ GCL
082 04 - رقم تصنيف ديوى العشرى
رقم التصنيف 410
رقم المادة ا م
100 1# - المدخل الرئيسى - إسم شخصى
الإسم الشخصى ابراهيم مدكور
245 10 - بيان العنوان
العنوان مجمع اللغة العربية فى ثلاثين عاما 1932 ـ 1962: مجموعة القرارات العلمية من الدورة الاولى الى الثامنة والعشرين /
بيان المسئوليه,etc تاليف ابراهيم مدكور ؛ محقق محمد خلف الله احمد ، محمد شوقى امين
260 ## - PUBLICATION, DISTRIBUTION, ETC. (IMPRINT)
تاريخ النشر أو التوزيع 1971
300 ## - الوصف المادى
التعداد 203 ص؛
أبعاد الوعاء 24 سم
650 04 - المدخل الاضافى بالموضوع-مصطلح موضوعى
مصطلح موضوعي اللغة العربية
650 04 - المدخل الاضافى بالموضوع-مصطلح موضوعى
مصطلح موضوعي مجمع اللغة العربية
700 1# - المدخل الاضافى - اسم شخصى
الإسم الشخصى محمد شوقى امين
الدور محقق
700 1# - المدخل الاضافى - اسم شخصى
الإسم الشخصى محمد خلف الله احمد
الدور محقق
942 ## - عناصر المدخل الإضافي( كوها)
مصدر التصنيف او مخطط الترفيف Dewey Decimal Classification
Koha [default] item type كتاب
260 ## - PUBLICATION, DISTRIBUTION, ETC. (IMPRINT)
-- القاهرة :
-- مجمع اللغة العربية ،
Holdings
حالة التراجع حالة الفقد حالة تلف ليس للاعارة المكان المؤقت الموقع الحالى تاريخ الاكتساب اجمالي اﻻعارات رقم الطلب الباركود تاريخ اخر مشاهدة تاريخ تفعيل السعر نوع وعاء كوها مصدر التصنيف او خطة الترفيف موقع الترفيف
        مكتبة القاهرة الكبرى مكتبة القاهرة الكبرى 03/26/2014   410\ا م 114383 03/26/2014 03/26/2014 كتاب    
        مكتبة القاهرة الكبرى مكتبة القاهرة الكبرى 11/03/2022   410 ا م 168742 11/03/2022 11/03/2022 كتاب ddc  

Powered By

EGPV